000 00788pam a2200265 i 4500
999 _c5409
_d5409
001 5409
003 BD-JhCC
005 20220328134022.0
008 781027s1979 nyua 001 0 eng
020 _a0063826720
035 _a(BD-JhCC)5409
040 _aDLC
_cDLC
_dDLC
_dBD-JhCC
041 _aeng
050 0 0 _aQA303
_b.F5835
082 0 0 _a515/.15
_bFLE 1979
100 1 _aFleming, Daniel J.,
_d1940-
245 1 0 _aCalculus with analytic geometry /
_cDaniel J. Fleming, James J. Kaput ; [illustrator, John Foster].
260 _aNew York :
_bHarper & Row,
_c1979.
300 _axiii, 796, [61] p. :
_bill. ;
_c29 cm.
500 _aIncludes index.
650 0 _aCalculus.
650 0 _aGeometry, analytic.
700 1 _aKaput, James J.,
_d1942-
942 _2ddc
_cBK
_03